| 000 | 010410000a22002170004500 | ||
|---|---|---|---|
| 020 | _a84-7228-520-0 | ||
| 041 | 0 | _aSPA | |
| 082 | 0 | 4 | _aG 179.9 M9811h |
| 100 | 1 | _aMurray, Andrew (1828-1917) | |
| 245 | 1 | 0 | _aHumildad : Hermosura de la santidad / Andrew Murray ; Xavier Vila, Traductor |
| 260 | _aTerrassa, Barcelona, España : CLIE | ||
| 300 | _a91 Pag. | ||
| 500 | _aTítulo original : Humility | ||
| 505 | 0 | 0 | _aHumildad: la gloria de las criaturas -- la humildad: el secreto de la redención -- la humildad en la vida de Jesús -- humildad en las enseñanzas de Jesús -- la humildad en los discípulos de Jesús -- la humildad en la vida diaria -- la humildad en la santidad -- la humildad y el pecado -- la humildad y la fe -- la humildad y la muerte del yo -- la humildad y la felicidad -- la humildad y la exaltación |
| 650 | 1 | 4 | _aHUMILDAD - ASPECTOS RELIGIOSOS - CRISTIANISMO |
| 001 | 1386 | ||
| 942 | _cBK | ||
| 999 |
_c32709 _d32709 |
||
| 336 |
_atexto _btxt _2rdacontent |
||
| 337 |
_2rdamedia _asin mediación _bn |
||
| 338 |
_2rdacarrier _avolumen _bnc |
||